| 000 | 00726nam 22002173 4500 | ||
|---|---|---|---|
| 001 | 32526 | ||
| 005 | 20260415075632.0 | ||
| 010 | _a9783458178576 | ||
| 090 | _a32526 | ||
| 100 | _a20260415d c||y0itay50 ba | ||
| 101 | _ager | ||
| 102 | _aDE | ||
| 200 |
_aVivienne Westwood _fMaría Isabel Sánchez Vegara _gaus dem Spanischen von Svenja Becker _gillustriert von Laura Callaghan |
||
| 210 |
_aBerlin _cInsel _d2020 |
||
| 215 |
_a1 volume (senza paginazione) _cill. _d25 cm |
||
| 300 | _aFascia d'età: 5-10 | ||
| 300 | _aFa parte della collana Little people, big dreams | ||
| 500 |
_aPequeña y grande Vivienne Westwood _926268 |
||
| 610 | _aNarrativa tedesca per bambini | ||
| 700 |
_aSánchez Vegara _bMaría Isabel _926269 |
||
| 942 | _cBK | ||